Movies Quiz

Random Movies or Role Quiz

Chevy Chase Movies Quiz Stats

 Plays Quiz Updated Sep 17, 2019

Score 0/42 Timer 10:00
5 Plays Today
Year Movie % Correct
1983Vacation
85.5%
1989Christmas Vacation
83.2%
1985European Vacation
75.8%
2015Vacation
72%
1980Caddyshack
71.1%
1985Fletch
67.6%
1997Vegas Vacation
64.7%
1989Fletch Lives
56.7%
1988Caddyshack II
52.7%
1986Three Amigos!
52.1%
1988Funny Farm
32%
1985Spies Like Us
30.8%
2010Hot Tub Time Machine
30.6%
2015Hot Tub Time Machine 2
22.6%
1994Cops and Robbersons
21.7%
1978Foul Play
19.6%
1992Memoirs of an Invisible Man
17.3%
1991Nothing But Trouble
15.5%
2000Snow Day
15.1%
1980Seems Like Old Times
15%
1998Dirty Work
14.7%
Year Movie % Correct
1981Modern Problems
12.8%
1995Man of the House
12.8%
2002Orange County
11.2%
2014Lovesick
9.5%
1983Deal of the Century
8.9%
2013Before I Sleep
8.8%
2006Zoom
8.6%
1981Under the Rainbow
8.5%
1980Oh Heavenly Dog
7.9%
2014Shelby
7.6%
2006Funny Money
7.2%
2014Wishin' and Hopin'
7.1%
1988The Couch Trip
6.7%
2006Doogal
6.7%
2009Stay Cool
6.2%
2004Bad Meat
5.7%
2005Ellie Parker
5.7%
2006Goose on the Loose
5.6%
2004Our Italian Husband
5.1%
2011Not Another Not Another Movie
4.9%
2002Vacuums
4.6%

You're not logged in!

Compare scores with friends on all Sporcle quizzes.
OR
Log In

Sporcle TV

Today on Sporcle TV


Watch our educational content, quiz creation guides, and fun videos on Sporcle TV.

Show Comments

Extras

Top Quizzes Today


Score Distribution

Your Account Isn't Verified!

In order to create a playlist on Sporcle, you need to verify the email address you used during registration. Go to your Sporcle Settings to finish the process.

Report this User

Report this user for behavior that violates our Community Guidelines.

Details: